01012 2200313 4500001002100000005001500021035002000036007000300056008004100059336002100100337002300121338003800144040002200182245005800204300003300262020002200295082001600317084001800333264003700351500006900388650004200457850001200499856007500511852002000586700002200606100002600628990002200654990002200676INLIS00000000086598420211101020950 a0010-1121000065ta210705s2013 yoi gs ind d 2rdacontentateks 2rdamediaakomputer 2rdacarrierasumber sambung jaring aYOPDYOGbinderda10aAmandemen UUD 1945 /cIka Wikasari; penyunting, Fahri a1 berkas komputer (783,5 KB) a978-602-7881-52-504223a342.035 a342.035 IKA a31aYogyakarta :bBuku Pintar,c2013 aUntuk mengakses buku ini silakan unduh aplikasi http://ijogja.id 4aUndang-Undang Dasar 1945--xAmandemen aYOPDYOG nPerpustakaan Digital iJogjauhttp://iJogja.id/publications/books/13975 aaplikasi iJogja0 aFahriepenyunting0 aIka Wikasariepenulis a004435-EPD/B.2016 a004436-EPD/B.2016